02539naa a2200193 a 450000100080000000500110000800800410001902000220006010000140008224501730009626000090026952018410027865300200211965300150213970000170215470000170217170000190218877301380220710873692012-11-08 2012 bl uuuu u00u1 u #d a978-85-63273-14-71 aCOUTO, M. aUtiliza????o de ??leo vegetal em substitui????o ao ??leo mineral para supera????o da dorm??ncia e indu????o da brota????o em macieiras ?Imperial Gala? e ?Fuji Suprema?. c2012 aA brota????o e o florescimento da macieira (Malus domestica Borkh.) manifestam-se normalmente em regi??es com alta acumula????o de frio durante o per??odo de outono e inverno. Em regi??es com insuficiente ac??mulo de frio para atender suas necessidades fisiol??gicas, a macieira exibe brota????o deficiente e desuniforme (PETRI et al.,1996; EREZ, 2000; PETRI; LEITE, 2004), podendo reduzir a quantidade e a qualidade dos frutos. Quando as condi????es clim??ticas de uma determinada regi??o n??o s??o suficientes para atender o requerimento em frio de certas cultivares, o uso de agentes qu??micos para supera????o da dorm??ncia e indu????o da brota????o torna-se uma pr??tica de manejo essencial para obten????o de uma brota????o adequada (MAHROUS; EL-FAKHRANI, 2006), sendo esta uma pr??tica comum na viabiliza????o dos cultivos de plantas frut??feras de clima temperado (NUNES et al, 2001). Petri e Pola (1992) abordam a efici??ncia da cianamida hidrogenada associada ao ??leo mineral na cultura da macieira, permitindo a redu????o das doses de cianamida hidrogenada, sendo esta a principal combina????o de produtos utilizados na indu????o da brota????o da macieira no Sul do Brasil (PETRI et al., 2006). Para Erez (2000), as principais caracter??sticas desej??veis em subst??ncias qu??micas s??o possuir grande efici??ncia na indu????o da brota????o, baixo custo de utiliza????o e m??nima toxicidade ??s plantas, ao ambiente e ao aplicador. A necessidade de gerar novas alternativas restringir cada vez mais o uso de subst??ncias sint??ticas na condu????o dos pomares, preconizada pelos programas de Produ????o Integrada de Frutas, torna a quest??o da supera????o da dorm??ncia e indu????o da brota????o de plantas frut??feras com o uso de subst??ncias qu??micas um fator limitante para a atividade no Brasil (SANHUEZA et al., 2003). aMalus domestica aToxicidade1 aLEITE, G. B.1 aPETRI, J. L.1 aGABARDO, G. C. tIn: CONGRESSO BRASILEIRO DE FRUTICULTURA, 22., 2012, Bento Gon??alves, RS. Anais... Bento Gon??alves, RS: [s.n.], 2012. p. 4273-4277.